| 000 | 00388 a2200121 4500 | ||
|---|---|---|---|
| 001 | ART_53312 | ||
| 005 | 20260410162008.0 | ||
| 008 | 260409a | ||
| 245 | 1 | 0 | _aLa adquisición del dominio juzgada con perspectiva de género |
| 100 | 1 | _aHumphreys, Ethel | |
| 700 | 1 | _aArcaro, Edgardo N. (h) | |
| 773 | 0 |
_tTemas de derecho civil _g- Año 7, N° 9 (sep. 2021) _wREV34778 |
|
| 999 |
_c31972 _d31972 |
||